000 00283nam a22001217a 4500
082 _a370.11 MCA
100 _aMCASHAN H.H
245 _aWRITING BEHAVIORAL OBJECTIVES
260 _aLONDON
_bHARPER
_c1970
300 _aXI,116P.
650 _aWRITING BEHAVIORAL OBJECTIVES
942 _cBK
999 _c13288
_d13288